[Event "Schwaben-ch"]
[Site "Sonthofen"]
[Date "2013.11.02"]
[Round "3.13"]
[White "Mueller, Rolf"]
[Black "Zeberle, Christian"]
[Result "1-0"]
[WhiteElo "1625"]
[BlackElo "1020"]
[PlyCount "52"]
[EventDate "2013.11.01"]
[EventType "swiss"]
[EventRounds "6"]
[EventCountry "GER"]
[SourceTitle "EXT 2022"]
[Source "ChessBase"]
[SourceDate "2021.10.06"]
[SourceVersion "1"]
[SourceVersionDate "2021.10.06"]
[SourceQuality "1"]

1. c4 e5 2. Nc3 Nc6 3. g3 b6 4. Bg2 Bb7 5. Nf3 Nd4 6. 0-0 Bd6 7. Re1 Nxf3+ 8. exf3 Ne7 9. d4 exd4 10. Qxd4 0-0 11. Bg5 Nf5 12. Qg4 f6 13. Qxf5 fxg5 14. Qd3 Qf6 15. Nd5 Bxd5 16. Qxd5+ Kh8 17. Re2 Rae8 18. Rae1 Rxe2 19. Rxe2 c6 20. Qd3 a5 21. a3 Rd8 22. Bh3 Bc5 23. Bxd7 Qd4 24. Qxd4 Bxd4 25. Bxc6 Rd6 26. Bd5 b5 1-0